000 00494nam a22001817a 4500
003 OSt
008 260305b2004 |||||||| |||| 00| 0 eng d
020 _a9780812971156
082 _a160
_bMCI-B
100 _aMcinerny, D. Q.
245 _aBeing logical :
_ba guide to good thinking /
_cD. Q. Mcinerny
260 _aNew York :
_bRandom House Trade Paperbacks,
_c2004.
300 _axvi, 137 p. ;
650 _aLogic
650 _aReasoning
650 _aThought and thinking
942 _2ddc
_cBK
999 _c21599
_d21599